| 000 | 00949nam a2200253 i 4500 | ||
|---|---|---|---|
| 001 | 187646 | ||
| 003 | ES-MaACL | ||
| 005 | 20250807124651.0 | ||
| 008 | 171214s2016 sp |||| |bspa d | ||
| 020 | _a978-84-9060-604-9 | ||
| 080 | _a821.134.2-31"19" | ||
| 100 | 1 |
_aGarrigues López-Chicheri, Eduardo. _955771 |
|
| 245 | 1 | 0 |
_aEl que tenga valor que me siga _b: en vida de Bernardo de Gálvez / _cEduardo Garrigues. |
| 250 | _a1ª ed. | ||
| 260 |
_aMadrid : _bLa Esfera de los Libros, _c2016. |
||
| 300 |
_a329 p. ; _c25 cm. |
||
| 490 | 1 | _aNovela histórica | |
| 600 | 1 | 7 |
_aGálvez, Bernardo de, _cConde de, _d1746-1786 _2 _9164803 |
| 830 | 0 |
_aNovelas históricas _9183759 |
|
| 852 |
_aES-MaACL _jA-14144 _9194733 _bR.151407 _cDEPO1 _dOlim: N-7144 _gDedicatoria autógrafa del autor _hDonación: Eduardo Garrigues |
||
| 903 |
_955771 _aGarrigues López-Chicheri, Eduardo _ednr |
||
| 942 |
_2udc _cMONOGRAFIA |
||
| 999 |
_c187646 _d187646 |
||